[Event "Pan American Amateur-ch"]
[Site "San Andres Islas"]
[Date "2014.08.27"]
[Round "3"]
[White "Sanchez Lopez, Luis Antonio"]
[Black "Aldana, Omar"]
[Result "1-0"]
[WhiteElo "1609"]
[BlackElo "1880"]
[PlyCount "99"]
[EventDate "2014.08.26"]
[EventType "swiss"]
[EventRounds "9"]
[EventCountry "COL"]
[SourceTitle "EXT 2016"]
[Source "ChessBase"]
[SourceDate "2015.10.08"]
[SourceVersion "1"]
[SourceVersionDate "2015.10.08"]
[SourceQuality "1"]

1. e4 a6 2. d4 b5 3. Nf3 Bb7 4. Bd3 Nf6 5. e5 Nd5 6. Nc3 e6 7. 0-0 c5 8. Be3 c4 9. Nxd5 cxd3 10. Nf4 dxc2 11. Qxc2 Be7 12. Rac1 Nc6 13. a3 0-0 14. Nh3 f5 15. Qe2 h6 16. Nf4 g5 17. Ng6 Rf7 18. Rc2 b4 19. a4 a5 20. Qd2 f4 21. Nxf4 gxf4 22. Bxf4 b3 23. Rcc1 Nb4 24. Bxh6 Na2 25. Qd3 Rf5 26. Qxb3 Bd5 27. Qd3 Rb8 28. g4 Nb4 29. Qb1 Bxf3 30. gxf5 Kh7 31. Bf4 Qg8+ 32. Bg3 Qg4 33. f6+ Be4 34. f3 Bxb1 35. fxg4 Bd3 36. fxe7 Re8 37. Rf7+ Kg6 38. Rf6+ Kg5 39. Rf7 Bg6 40. Bf4+ Kxg4 41. Rg7 Kh5 42. Rc3 Bf5 43. Rcg3 Nd5 44. Bg5 Rc8 45. Rf7 Bg6 46. Rf8 Be8 47. Bd2 Kh4 48. Rh8+ Bh5 49. Rxc8 Nxe7 50. Bg5# 1-0